U nás v Šarovciach

Podrobná bibliografia
Médium: Časopis
Jazyk:slovenčina
maďarčina
Fyzický popis:zv. 30 cm
Vydavateľské údaje: Šarovce Obec Šarovce 2015-2019
ISSN:2453-6741
Predmet:

MARC

LEADER 00000cas a2200000 a 4500
001 vtls010690071
003 SK-MaSNL
005 20260228163458.0
008 150702d20152019xo qr p 0 0slo
022 |a 2453-6741 
040 |a SNK  |b slo  |c SNK  |e AACR2 
041 0 |a slo  |a hun 
043 |a e-xo--- 
044 |a xo  |c SK 
072 7 |a 352/354  |x Stupne miestnej, oblastnej a ústrednej správy  |2 konspekt 
072 7 |a 394  |x Verejný a spoločenský život. Každodenný život  |2 konspekt 
072 7 |a 316.7  |x Sociológia kultúry. Kultúrny život  |2 konspekt 
080 |a 352  |2 2011 
080 |a 394  |2 2011 
080 |a 316.728  |2 2011 
080 |a 050  |2 2011 
080 |a (051)+(054)  |2 2011 
080 |a (437.6)  |2 2011 
210 0 |a U nás Šarovciach 
222 0 |a U nás v Šarovciach 
245 0 0 |a U nás v Šarovciach 
246 1 1 |a Nálunk Sáróban 
260 |a Šarovce  |b Obec Šarovce  |c 2015-2019 
300 |a zv.  |c 30 cm 
310 |a 4x ročne 
362 0 |a Roč. 1, č. 1 (2015) -roč. 5, č. 1 (2019) 
500 |a Evidenčné číslo: EV 5137/15 
500 |a Súbežný názov a text maď. 
650 0 7 |a miestna správa  |2 SNKPH  |9 29496 
650 0 7 |a spoločenský život  |2 SNKPH  |9 28654 
651 7 |a Šarovce (Slovensko)  |2 SNKPHgeo  |9 84680 
655 7 |a miestne periodiká  |2 SNKPH  |9 160938 
910 |a snk 
999 |c 9523  |d 11453 
952 |0 0  |1 0  |4 0  |7 0  |8 0  |a SNK  |b SNK  |d 2024-08-05  |i snk2024/12448  |l 0  |o snkČSB 7261/5/2019  |p 17A1524014  |r 2026-02-21 19:50:39  |t č. 1  |w 2026-02-21  |y PREZ 
952 |0 0  |1 0  |4 0  |7 0  |8 0  |a SNK  |b SNK  |d 2019-09-04  |i snk2019/22053  |l 0  |o snkČSB 7261/1/2015  |p 17A1369826  |r 2026-02-21 22:29:23  |t č. 1-4  |w 2026-02-21  |y PREZ 
952 |0 0  |1 0  |4 0  |7 0  |8 0  |a SNK  |b SNK  |d 2019-09-04  |i snk2019/22056  |l 0  |o snkČSB 7261/2/2016  |p 17A1369827  |r 2026-02-21 22:29:23  |t č. 1-4  |w 2026-02-21  |y PREZ 
952 |0 0  |1 0  |4 0  |7 0  |8 0  |a SNK  |b SNK  |d 2019-09-04  |i snk2019/22057  |l 0  |o snkČSB 7261/3/2017  |p 17A1383135  |r 2026-02-21 22:29:23  |t č. 1-4  |w 2026-02-21  |y PREZ 
952 |0 0  |1 0  |4 0  |7 0  |8 0  |a SNK  |b SNK  |d 2019-09-04  |i snk2019/22058  |l 0  |o snkČSB 7261/4/2018  |p 17A1383134  |r 2026-02-21 22:29:23  |t č. 1-4, neúplné  |w 2026-02-21  |y PREZ  |z Chýba č. 4